|
|
|
|
| LEADER |
00000nam0a2200000 4500 |
| 001 |
164260 |
| 005 |
20231031161206.0 |
| 010 |
|
|
|a 9785276016139
|
| 035 |
|
|
|a (RuTPU)RU\TPU\book\178213
|
| 090 |
|
|
|a 164260
|
| 100 |
|
|
|a 20090903d2008 k y0rusy50 ca
|
| 101 |
0 |
|
|a rus
|
| 102 |
|
|
|a RU
|
| 105 |
|
|
|a a z 001zy
|
| 200 |
1 |
|
|a Повышение эффективности технологических процессов шевингования зубчатых колес за счет совершенствования оснастки
|e монография
|f Б. М. Солоницын
|
| 210 |
|
|
|a Москва
|c МГИУ
|d 2008
|
| 215 |
|
|
|a 241 с.
|c ил.
|
| 320 |
|
|
|a Библиогр.: с. 232-240.
|
| 330 |
|
|
|a Рассматриваются перспективные технологические процессы шевингования цилиндрических зубчатых колёс и повышения их эффективности в условиях отечественного машиностроения. Предлагаются варианты решения сложных теоретических и практических задач в области повышения качества обработки, стойкости инструмента и производительности технологических процессов черновой и чистовой обработки зубьев. Приводятся современные методы лабораторных и производственных исследований. Предлагаются перспективные технические решения и пути их реализации в производственных условиях. Монография предназначена для научно-технических работников промышленных предприятий НИИ, преподавателей технических вузов и может быть полезной для студентов технических вузов, выполняющих дипломные и курсовые проекты.
|
| 606 |
1 |
|
|a Зубчатые колеса
|x Шевингование
|2 stltpush
|3 (RuTPU)RU\TPU\subj\12041
|
| 610 |
1 |
|
|a зубофрезерование
|
| 610 |
1 |
|
|a шевингование
|
| 610 |
1 |
|
|a технологические процессы
|
| 610 |
1 |
|
|a зубообрабатывающее оборудование
|
| 610 |
1 |
|
|a заготовки
|
| 610 |
1 |
|
|a наладочные установки
|
| 610 |
1 |
|
|a режимы резания
|
| 610 |
1 |
|
|a расчет
|
| 610 |
1 |
|
|a зубчатые муфты
|
| 610 |
1 |
|
|a зубчатый профиль
|
| 610 |
1 |
|
|a изготовление
|
| 610 |
1 |
|
|a проектирование
|
| 610 |
1 |
|
|a червячные шеверы
|
| 675 |
|
|
|a 621.923.5
|v 3
|
| 700 |
|
1 |
|a Солоницын
|b Б. М.
|g Борис Михайлович
|
| 712 |
0 |
2 |
|a Московский государственный индустриальный университет (МГИУ)
|2 stltpush
|3 (RuTPU)RU\TPU\col\11073
|
| 801 |
|
1 |
|a RU
|b 63413507
|c 20090903
|
| 801 |
|
2 |
|a RU
|b 63413507
|c 20140328
|g RCR
|
| 942 |
|
|
|c BK
|